000 00707cam a2200229 a 4500
001 000009817
005 20200929161721.0
008 940525s1992 sp 001 p spa
020 _a8475173535
040 _aDO-SdBNP
_cDLC
082 _a861.64
_bM963ó
100 1 _aMunárriz Peralta, Jesús,
_d1940-
_924724
245 1 0 _aOtros labios me sueñan /
_cJesús Munárriz Peralta.
260 _aMadrid :
_bHiperión,
_c1992.
300 _a89 p. ;
_c20 cm.
490 1 _aPoesía Hiperión
_v195
650 4 _aPoesía española
_9631
650 4 _aVida cotidiana
_xPoesía
_915503
650 4 _aLiteratura española
_9632
830 0 _aPoesía Hiperión ;
_v195
_914707
910 _aCatalogación por copia / LC
999 _c9576
_d9576